000 00638nam a2200205 a 4500
001 000020170
005 20240530073919.0
008 100726s2006 dr 000 j spa d
020 _a994585514X
040 _aDO-SdBNP
_bspa
_cBNPHU
082 _a863.62
_bU54a
100 1 _aUnamuno, Miguel de,
_d1864-1936
_96254
245 1 0 _aAbel sánchez :
_buna historia de pasión /
_cMiguel de Unamuno.
260 _aSanto Domingo :
_bEdiciones Peralta Domínguez,
_c2006.
300 _a198 p. ;
_c18 cm.
650 0 _aNovela dominicana
_9223
650 0 _aLiteratura dominicana.
_967
910 _aValidado Control de calidad MFF
049 _aBNPD
999 _c19677
_d19677